| 000 | 00813nam a2200253 a 4500 | ||
|---|---|---|---|
| 001 | 000042742 | ||
| 003 | DO-SdBNP | ||
| 005 | 20240412074301.0 | ||
| 008 | 140206s2008 dr r 000 p spa d | ||
| 020 | _z9789945427233 | ||
| 040 |
_aDO-SdBNP _bspa _cBNPHU |
||
| 082 | 4 |
_aRD861.44 _bB333ps _222 |
|
| 100 | 1 |
_aBatista, León Félix, _d1964- _912031 |
|
| 245 | 1 | 0 |
_aPseudolibro / _cLeón Félix Batista. |
| 260 |
_aSanto Domingo : _bUniversidad Central del Este, _c2008. |
||
| 300 |
_a120 p. ; _c24 cm. |
||
| 500 | _aIncluye datos biográficos del autor en la solapa de la cubierta | ||
| 586 | _aPremio de poesía UCE 2006 | ||
| 590 | _aInventariado, 2018/BT | ||
| 650 | 4 |
_aPoesía dominicana _966 |
|
| 650 | 0 |
_aLiteratura dominicana. _967 |
|
| 910 | _aValidado. Control de calidad. MFF | ||
| 942 |
_2ddc _cLBS1 |
||
| 999 |
_c42231 _d42231 |
||